| 000 | 01229nam a22002657a 4500 | ||
|---|---|---|---|
| 005 | 20170124103111.0 | ||
| 010 | _aB-211205 | ||
| 020 |
_c200.00 _a8188459003 |
||
| 035 | _aB-211205 | ||
| 037 | _bCen Lib/Ret | ||
| 040 |
_aDPL _bHN |
||
| 082 |
_a401 _bदिवाक |
||
| 100 |
_aदिवाकर, विनोद मणि _979953 |
||
| 245 |
_aभाषा की उत्पत्ति रचना और विकास / _cविनोद मणि दिवाकर |
||
| 246 |
_aBhasha ki utpatti rachana or vikas / _bby Vinod Mani Divakar |
||
| 260 |
_a दिल्ली _bशुभदा प्रकाशन _c2003 |
||
| 270 |
_b दिल्ली _a1/11052, ए, सुभाष पार्क, शाहदरा _e110032 |
||
| 300 |
_a180पृ. _c20सेमी(सजिल्द ) |
||
| 500 | _aसन्दर्भ सूची शामिल | ||
| 650 |
_aहिन्दी --भाषा _x _z _979954 |
||
| 650 |
_a हिन्दी --भाषा--उत्पत्ति एवं विकास _979955 |
||
| 650 |
_aHindi--language _99446 |
||
| 650 |
_a Hindi--language--Origin and Development _979956 |
||
| 942 |
_2ddc _cHN _h401 _mदिवाक |
||
| 999 |
_c118400 _d118400 |
||